[Event "POL-chT3 Dolnoslaskie 1718"]
[Site "Poland"]
[Date "2018.02.04"]
[Round "7.17"]
[White "Kaczmarek, Maciej"]
[Black "Szmyd, Marek"]
[Result "0-1"]
[WhiteElo "1967"]
[BlackElo "1940"]
[PlyCount "64"]
[EventDate "2017.10.08"]
[EventType "team-tourn"]
[EventRounds "11"]
[EventCountry "POL"]
[SourceTitle "EXT 2019"]
[Source "ChessBase"]
[SourceDate "2018.10.10"]
[SourceVersion "1"]
[SourceVersionDate "2018.10.10"]
[SourceQuality "1"]

1. e4 c5 2. Nf3 d6 3. d4 cxd4 4. Nxd4 Nf6 5. Nc3 g6 6. Be3 Bg7 7. Bc4 0-0 8. f3 Nc6 9. Qd2 Bd7 10. 0-0-0 Rc8 11. Bb3 Na5 12. h4 h5 13. Bh6 Nc4 14. Bxc4 Rxc4 15. Bxg7 Kxg7 16. g4 Qa5 17. g5 Nh7 18. Nb3 Qa6 19. Kb1 Rfc8 20. Rc1 Bc6 21. Rhe1 Nf8 22. f4 Nd7 23. Nd5 e6 24. Nc3 Ba4 25. Nxa4 Rxa4 26. Qd3 Rxa2 27. Qd4+ e5 28. fxe5 Nxe5 29. Rf1 Ra4 30. Qf2 Rxe4 31. Qf6+ Kh7 32. Qe7 Qa4 0-1

[Event "POL-chT3 Dolnoslaskie 1516"]
[Site "Poland"]
[Date "2015.11.08"]
[Round "2.22"]
[White "Kaczmarek, Maciej"]
[Black "Holownia, Michal"]
[Result "0-1"]
[WhiteElo "1967"]
[BlackElo "1911"]
[PlyCount "94"]
[EventDate "2015.10.18"]
[EventType "team-tourn"]
[EventRounds "11"]
[EventCountry "POL"]
[SourceTitle "EXT 2018"]
[Source "ChessBase"]
[SourceDate "2017.10.13"]
[SourceVersion "1"]
[SourceVersionDate "2017.10.13"]
[SourceQuality "1"]

1. e4 e5 2. Nf3 Nc6 3. Bb5 a6 4. Ba4 Nf6 5. 0-0 Nxe4 6. Re1 Nc5 7. Bxc6 dxc6 8. Nxe5 Be6 9. b3 Nd7 10. Bb2 Nxe5 11. Bxe5 Qd7 12. d3 0-0-0 13. Nd2 f6 14. Bc3 Bg4 15. Qc1 h5 16. Ne4 Rh6 17. a4 Rg6 18. Qe3 Kb8 19. a5 Bh3 20. Ng3 h4 21. gxh3 hxg3 22. hxg3 Qxh3 23. Qe4 f5 24. Qg2 Qh5 25. Ra4 Bc5 26. Rh4 Qg5 27. Be5 Qd2 28. Qf1 Qxa5 29. d4 Bd6 30. Qe2 Bxe5 31. dxe5 Re6 32. Rf4 g6 33. c4 Rde8 34. Rd4 Qxe5 35. Qxe5 Rxe5 36. Red1 Re1+ 37. Rxe1 Rxe1+ 38. Kg2 Ka7 39. Kf3 Kb6 40. Kf4 Re6 41. Kg5 Kc5 42. Rd3 b5 43. cxb5 cxb5 44. Re3 Rxe3 45. fxe3 Kb4 46. Kxg6 Kxb3 47. Kxf5 Kc3 0-1

[Event "Wroclaw op 10"]
[Site "Wroclaw"]
[Date "2011.10.30"]
[Round "5"]
[White "Kaczmarek, Maciej"]
[Black "Krupa, Monika"]
[Result "0-1"]
[WhiteElo "2017"]
[BlackElo "2226"]
[PlyCount "44"]
[EventDate "2011.10.28"]
[EventType "swiss"]
[EventRounds "5"]
[EventCountry "POL"]
[SourceTitle "EXT 2013"]
[Source "ChessBase"]
[SourceDate "2012.11.22"]
[SourceVersion "1"]
[SourceVersionDate "2012.11.22"]
[SourceQuality "1"]

1. e4 c5 2. Nc3 Nc6 3. f4 e6 4. Nf3 d5 5. exd5 exd5 6. Bb5 a6 7. Bxc6+ bxc6 8. 0-0 Bd6 9. d3 Qc7 10. b3 Ne7 11. Ba3 0-0 12. g3 Bg4 13. Qd2 Nf5 14. Ne5 Bh3 15. Rfe1 f6 16. Nf3 Bg4 17. Rf1 Nd4 18. Nh4 Rae8 19. Rae1 Rxe1 20. Rxe1 g5 21. Qg2 gxh4 22. gxh4 Kh8 0-1

[Event "Wroclaw op 10"]
[Site "Wroclaw"]
[Date "2011.10.29"]
[Round "2"]
[White "Kaczmarek, Maciej"]
[Black "Grossmann, Ryszard"]
[Result "1/2-1/2"]
[WhiteElo "2017"]
[BlackElo "2193"]
[PlyCount "48"]
[EventDate "2011.10.28"]
[EventType "swiss"]
[EventRounds "5"]
[EventCountry "POL"]
[SourceTitle "EXT 2013"]
[Source "ChessBase"]
[SourceDate "2012.11.22"]
[SourceVersion "1"]
[SourceVersionDate "2012.11.22"]
[SourceQuality "1"]

1. e4 c5 2. Nf3 Nc6 3. d4 cxd4 4. Nxd4 Nf6 5. Nc3 d6 6. Be2 e6 7. 0-0 Be7 8. Be3 a6 9. a4 Bd7 10. f4 Rc8 11. Nb3 Qc7 12. a5 0-0 13. g4 Be8 14. g5 Nd7 15. Rf3 Nc5 16. Nxc5 dxc5 17. Rh3 Nd4 18. Bd3 g6 19. e5 Bc6 20. Bxd4 cxd4 21. Ne4 Bxe4 22. Bxe4 Rfd8 23. b3 Rd7 24. Qg4 Qd8 1/2-1/2

[Event "Wroclaw op-A 6th"]
[Site "Wroclaw"]
[Date "2011.07.07"]
[Round "6"]
[White "Kaczmarek, Maciej"]
[Black "Kot, Jerzy"]
[Result "1/2-1/2"]
[WhiteElo "2049"]
[BlackElo "2186"]
[PlyCount "105"]
[EventDate "2011.07.04"]
[EventType "swiss"]
[EventRounds "9"]
[EventCountry "POL"]
[SourceTitle "CBM 143 Extra"]
[Source "ChessBase"]
[SourceDate "2011.08.29"]
[SourceVersion "1"]
[SourceVersionDate "2011.08.29"]
[SourceQuality "1"]

1. c4 g6 2. Nc3 Bg7 3. Nf3 Nf6 4. g3 d5 5. cxd5 Nxd5 6. Bg2 0-0 7. 0-0 c5 8. Nxd5 Qxd5 9. d3 Nc6 10. a3 b6 11. Qc2 Bb7 12. Be3 Rac8 13. Rfc1 Rfd8 14. Rab1 Nd4 15. Bxd4 cxd4 16. Qd2 Qa5 17. Rxc8 Rxc8 18. Rc1 Rxc1+ 19. Qxc1 Bf6 20. h4 Bd5 21. Nd2 Ba2 22. Bf3 Kg7 23. Qc2 h6 24. Kg2 Be6 25. Nc4 Qc5 26. b4 Qc8 27. b5 Qc5 28. a4 Qb4 29. Bc6 Qc3 30. Qa2 Be5 31. Be4 f5 32. Bf3 Kf6 33. Bc6 Bc7 34. f4 Bf7 35. Bf3 e5 36. fxe5+ Bxe5 37. Qb1 Bc7 38. Qd1 Be6 39. Qb1 g5 40. hxg5+ hxg5 41. Qh1 Bxc4 42. Qh6+ Ke5 43. Qg7+ Kd6 44. Qf8+ Ke6 45. dxc4 Qe3 46. Qc8+ Kd6 47. Qf8+ Qe7 48. Qxf5 Qe5 49. Qf8+ Qe7 50. Qf5 Qe5 51. Qf8+ Qe7 52. Qg8 Qe5 53. Qf8+ 1/2-1/2

[Event "Wroclaw op-A 6th"]
[Site "Wroclaw"]
[Date "2011.07.07"]
[Round "5"]
[White "Walentukiewicz, Michal"]
[Black "Kaczmarek, Maciej"]
[Result "1/2-1/2"]
[WhiteElo "2071"]
[BlackElo "2049"]
[PlyCount "96"]
[EventDate "2011.07.04"]
[EventType "swiss"]
[EventRounds "9"]
[EventCountry "POL"]
[SourceTitle "CBM 143 Extra"]
[Source "ChessBase"]
[SourceDate "2011.08.29"]
[SourceVersion "1"]
[SourceVersionDate "2011.08.29"]
[SourceQuality "1"]

1. c4 Nf6 2. g3 e6 3. Bg2 d5 4. Nf3 Be7 5. 0-0 0-0 6. d4 dxc4 7. Ne5 c5 8. dxc5 Qxd1 9. Rxd1 Bxc5 10. Nxc4 Nc6 11. Nc3 Bd7 12. Nd6 Bxd6 13. Rxd6 Rfd8 14. Bg5 Ne8 15. Rd2 Nf6 16. Bxf6 gxf6 17. Ne4 Kg7 18. Rad1 Be8 19. Nd6 Rdb8 20. Rc1 f5 21. Nxe8+ Rxe8 22. Bxc6 Rec8 23. Rdc2 bxc6 24. Rxc6 Rd8 25. Rc7 Rab8 26. b3 a5 27. R1c2 a4 28. bxa4 Ra8 29. R7c4 Ra7 30. f4 Rda8 31. Kf2 Kf6 32. Ke3 h5 33. Rc8 Rxc8 34. Rxc8 Rxa4 35. Rc2 h4 36. Kd2 Ra3 37. e3 h3 38. Ke2 Kg6 39. Kf3 Kh5 40. Rd2 f6 41. Rd8 e5 42. fxe5 fxe5 43. Rh8+ Kg5 44. Rg8+ Kh5 45. Rh8+ Kg5 46. Rg8+ Kh5 47. Rh8+ Kg5 48. Rxh3 Rxa2 1/2-1/2

[Event "Warsaw Najdorf Memorial op-B"]
[Site "Warsaw"]
[Date "2010.07.22"]
[Round "7"]
[White "Solnicki, Michal"]
[Black "Kaczmarek, Maciej"]
[Result "1/2-1/2"]
[WhiteElo "2084"]
[BlackElo "2044"]
[PlyCount "46"]
[EventDate "2010.07.17"]
[EventType "swiss"]
[EventRounds "9"]
[EventCountry "POL"]
[SourceTitle "CBM 137 Extra"]
[Source "ChessBase"]
[SourceDate "2010.09.01"]
[SourceVersion "1"]
[SourceVersionDate "2010.09.01"]
[SourceQuality "1"]

1. Nf3 Nf6 2. c4 e6 3. d4 d5 4. g3 Be7 5. Bg2 0-0 6. 0-0 dxc4 7. Nbd2 c5 8. Nxc4 Nc6 9. dxc5 Bxc5 10. Qxd8 Rxd8 11. Bg5 h6 12. Bxf6 gxf6 13. Rfd1 Kf8 14. Rxd8+ Nxd8 15. Rd1 Ke7 16. Nd4 Bd7 17. Nb3 Rc8 18. Nxc5 Rxc5 19. Ne3 Bc6 20. Rd4 Rc1+ 21. Rd1 Rc5 22. Rd4 Rc1+ 23. Rd1 Rc5 1/2-1/2

[Event "Wroclaw op 5th"]
[Site "Wroclaw"]
[Date "2010.07.02"]
[Round "9"]
[White "Kaczmarek, Maciej"]
[Black "Hetzer, Volkhard"]
[Result "0-1"]
[WhiteElo "2000"]
[BlackElo "2091"]
[PlyCount "72"]
[EventDate "2010.06.26"]
[EventType "swiss"]
[EventRounds "9"]
[EventCountry "POL"]
[SourceTitle "CBM 137 Extra"]
[Source "ChessBase"]
[SourceDate "2010.09.01"]
[SourceVersion "1"]
[SourceVersionDate "2010.09.01"]
[SourceQuality "1"]

1. Nf3 Nc6 2. c4 e5 3. Nc3 Nf6 4. g3 d5 5. cxd5 Nxd5 6. Bg2 Nb6 7. 0-0 Be7 8. a3 0-0 9. b4 f6 10. d3 Be6 11. Bb2 Qd7 12. Ne4 Nd4 13. Nxd4 exd4 14. Nc5 Bxc5 15. bxc5 Na4 16. Qc2 Nxb2 17. c6 bxc6 18. Bxc6 Qd8 19. Bxa8 Qxa8 20. Rfb1 Bh3 21. f3 Qe8 22. Rxb2 Qe3+ 23. Kh1 Qf2 24. Rg1 c6 25. Qc4+ Kh8 26. Qf7 Rg8 27. g4 Bf1 28. Qe6 h6 29. Qe4 Rd8 30. f4 c5 31. g5 fxg5 32. fxg5 h5 33. g6 Bh3 34. Rb7 Rf8 35. Qe5 Qxg1+ 36. Kxg1 Rf1# 0-1

[Event "Wroclaw op 5th"]
[Site "Wroclaw"]
[Date "2010.07.01"]
[Round "8"]
[White "Goslawski, Michal"]
[Black "Kaczmarek, Maciej"]
[Result "1-0"]
[WhiteElo "2044"]
[BlackElo "2032"]
[PlyCount "111"]
[EventDate "2010.06.26"]
[EventType "swiss"]
[EventRounds "9"]
[EventCountry "POL"]
[SourceTitle "CBM 137 Extra"]
[Source "ChessBase"]
[SourceDate "2010.09.01"]
[SourceVersion "1"]
[SourceVersionDate "2010.09.01"]
[SourceQuality "1"]

1. d4 Nf6 2. Nf3 d5 3. c4 e6 4. g3 Be7 5. Bg2 0-0 6. 0-0 Nbd7 7. Qc2 c6 8. Nbd2 b6 9. e4 Ba6 10. e5 Ne8 11. Re1 Rc8 12. Qa4 Nb8 13. cxd5 cxd5 14. Nf1 b5 15. Qb3 Nc6 16. Bd2 Na5 17. Bxa5 Qxa5 18. Rec1 Nc7 19. a3 Na8 20. Qd1 Nb6 21. b4 Qa4 22. Qxa4 bxa4 23. Ne3 Bb5 24. Bf1 a6 25. Ne1 f6 26. Nd3 fxe5 27. Nxe5 Bf6 28. Bh3 Rce8 29. f4 Bxe5 30. fxe5 Kf7 31. Rc7+ Re7 32. Rac1 Rd8 33. Bf1 Bxf1 34. Kxf1 Ke8 35. Ke2 Rdd7 36. R7c6 Rb7 37. Rd6 a5 38. bxa5 Nc4 39. Nxc4 dxc4 40. Rxc4 Rb2+ 41. Kd3 Rb3+ 42. Rc3 Rb5 43. a6 Kf7 44. Rdc6 Rd7 45. Rc7 Ke7 46. Rxd7+ Kxd7 47. Rc5 Rb6 48. Ra5 Rb8 49. a7 Ra8 50. Rxa4 Kc7 51. Kc4 g5 52. g4 h6 53. h3 Kb7 54. Kb5 Kc7 55. Ra6 Kd7 56. Kb6 1-0

[Event "Wroclaw op 5th"]
[Site "Wroclaw"]
[Date "2010.06.26"]
[Round "1"]
[White "Bakalarz, Mietek"]
[Black "Kaczmarek, Maciej"]
[Result "1-0"]
[WhiteElo "2305"]
[BlackElo "2032"]
[PlyCount "71"]
[EventDate "2010.06.26"]
[EventType "swiss"]
[EventRounds "9"]
[EventCountry "POL"]
[SourceTitle "CBM 137 Extra"]
[Source "ChessBase"]
[SourceDate "2010.09.01"]
[SourceVersion "1"]
[SourceVersionDate "2010.09.01"]
[SourceQuality "1"]

1. d4 Nf6 2. Bf4 e6 3. e3 Be7 4. Bd3 d5 5. Nd2 c5 6. c3 Nc6 7. Ngf3 0-0 8. Ne5 cxd4 9. exd4 Nxe5 10. dxe5 Nd7 11. Qh5 f5 12. exf6 Nxf6 13. Qe2 Bd6 14. Bxd6 Qxd6 15. Nf3 Bd7 16. Ne5 Bc6 17. 0-0-0 a6 18. Rhe1 Rae8 19. Qe3 Re7 20. g4 Be8 21. c4 Qc7 22. Kb1 b5 23. g5 Nd7 24. Nxd7 Rxd7 25. cxb5 axb5 26. Qxe6+ Bf7 27. Qh3 Bg6 28. Bxg6 hxg6 29. Qe6+ Kh8 30. Re3 Rdf7 31. Rxd5 Qf4 32. Rh3+ Kg8 33. Qxg6 Rc8 34. Qh7+ Kf8 35. Qh8+ Ke7 36. Qxc8 1-0

[Event "Warsaw Najdorf Memorial op-A"]
[Site "Warsaw"]
[Date "2009.07.20"]
[Round "3"]
[White "Kaczmarek, Maciej"]
[Black "Bugajski, Robert"]
[Result "1/2-1/2"]
[WhiteElo "1993"]
[BlackElo "2193"]
[PlyCount "95"]
[EventDate "2009.07.18"]
[EventType "swiss"]
[EventRounds "9"]
[EventCountry "POL"]
[SourceTitle "CBM 131 Extra"]
[Source "ChessBase"]
[SourceDate "2009.09.03"]
[SourceVersion "2"]
[SourceVersionDate "2009.09.16"]
[SourceQuality "1"]

1. e4 c5 2. Nf3 d6 3. d4 cxd4 4. Nxd4 Nf6 5. Nc3 a6 6. Be2 e5 7. Nb3 Be7 8. Be3 Be6 9. 0-0 0-0 10. f4 exf4 11. Bxf4 Nc6 12. Kh1 Rc8 13. Qd2 d5 14. exd5 Nxd5 15. Nxd5 Qxd5 16. Qxd5 Bxd5 17. Rad1 Be6 18. c3 Rfd8 19. Bf3 h6 20. h3 g5 21. Bg3 Rxd1 22. Rxd1 Kg7 23. Bd6 Bxb3 24. axb3 Bxd6 25. Rxd6 Rd8 26. Rxd8 Nxd8 27. b4 f5 28. Kg1 Kf6 29. Kf2 Ke5 30. Ke3 Nc6 31. c4 f4+ 32. Kf2 Kd4 33. b5 axb5 34. cxb5 Nd8 35. b6 Kd3 36. g3 Kd4 37. h4 Ke5 38. hxg5 hxg5 39. gxf4+ Kxf4 40. Bd5 g4 41. Kg2 Ke5 42. Bc4 Kd4 43. Be2 Ne6 44. Bxg4 Nf4+ 45. Kf3 Nd3 46. Bc8 Nxb2 47. Bxb7 Kc5 48. Be4 1/2-1/2

[Event "Wroclaw Polonia op 3rd"]
[Site "Wroclaw"]
[Date "2008.06.25"]
[Round "7"]
[White "Kot, Jerzy"]
[Black "Kaczmarek, Maciej"]
[Result "1-0"]
[WhiteElo "2293"]
[BlackElo "2028"]
[PlyCount "43"]
[EventDate "2008.06.21"]
[EventType "swiss"]
[EventRounds "9"]
[EventCountry "POL"]
[SourceTitle "CBM 125 Extra"]
[Source "ChessBase"]
[SourceDate "2008.09.01"]
[SourceVersion "1"]
[SourceVersionDate "2008.09.01"]
[SourceQuality "1"]

1. e4 e5 2. Nf3 Nc6 3. Bc4 Bc5 4. c3 Nf6 5. d4 exd4 6. cxd4 Bb4+ 7. Nc3 Nxe4 8. 0-0 Bxc3 9. d5 Bf6 10. Re1 Ne7 11. Rxe4 d6 12. Bg5 Bxg5 13. Nxg5 0-0 14. Nxh7 Kxh7 15. Qh5+ Kg8 16. Rh4 f5 17. Re1 Bd7 18. Re6 Qe8 19. Qh7+ Kf7 20. Qh5+ Kg8 21. Qh7+ Kf7 22. Rhh6 1-0

[Event "Wroclaw Polonia op 3rd"]
[Site "Wroclaw"]
[Date "2008.06.22"]
[Round "2"]
[White "Kaczmarek, Maciej"]
[Black "Kobus, Sebastian"]
[Result "1-0"]
[WhiteElo "2028"]
[BlackElo "1846"]
[PlyCount "53"]
[EventDate "2008.06.21"]
[EventType "swiss"]
[EventRounds "9"]
[EventCountry "POL"]
[SourceTitle "CBM 125 Extra"]
[Source "ChessBase"]
[SourceDate "2008.09.01"]
[SourceVersion "1"]
[SourceVersionDate "2008.09.01"]
[SourceQuality "1"]

1. e4 e5 2. Nf3 Nf6 3. Nxe5 d6 4. Nf3 Nxe4 5. d4 d5 6. Bd3 Bg4 7. 0-0 Be7 8. c4 c6 9. Nc3 Nxc3 10. bxc3 dxc4 11. Bxc4 0-0 12. Qd3 Nd7 13. Re1 Bd6 14. Bg5 Qc7 15. Be7 Bxf3 16. Bxf8 Bxh2+ 17. Kh1 Bxg2+ 18. Kxg2 Nxf8 19. Qf5 Bd6 20. Re4 Ng6 21. Kf3 b5 22. Bb3 c5 23. Bd5 Rf8 24. Rh1 Bf4 25. Rxf4 Qxf4+ 26. Qxf4 Nxf4 27. Kxf4 1-0

[Event "Koszalin op"]
[Site "Koszalin"]
[Date "2008.06.15"]
[Round "9"]
[White "Kaczmarek, Maciej"]
[Black "Mickiewicz, Piotr"]
[Result "1-0"]
[WhiteElo "2019"]
[BlackElo "2347"]
[PlyCount "172"]
[EventDate "2008.06.07"]
[EventType "swiss"]
[EventRounds "9"]
[EventCountry "POL"]
[SourceTitle "EXT 2009"]
[Source "ChessBase"]
[SourceDate "2008.11.26"]
[SourceVersion "1"]
[SourceVersionDate "2008.11.26"]
[SourceQuality "1"]

1. e4 c5 2. Nf3 d6 3. d4 cxd4 4. Nxd4 Nf6 5. Nc3 Nc6 6. Be2 g6 7. Be3 Bg7 8. Qd2 0-0 9. f3 Nxd4 10. Bxd4 Be6 11. 0-0-0 Qa5 12. Kb1 Rfc8 13. Nd5 Qxd2 14. Nxf6+ Bxf6 15. Rxd2 Bxd4 16. Rxd4 Kg7 17. f4 Rc5 18. Rhd1 Rac8 19. R1d2 h6 20. g3 Kf6 21. c3 g5 22. f5 Bd7 23. Kc2 Ke5 24. Kd3 Bc6 25. Ke3 d5 26. Bf3 dxe4 27. Bxe4 Rc7 28. g4 h5 29. h3 h4 30. Bxc6 R5xc6 31. Rd7 e6 32. fxe6 fxe6 33. Rxc7 Rxc7 34. Rd8 a6 35. Rg8 Kf6 36. Rf8+ Kg7 37. Re8 Kf7 38. Rh8 Kg7 39. Re8 Kf7 40. Rh8 Kf6 41. Rh6+ Ke5 42. Rg6 Rf7 43. Rxg5+ Kd6 44. Rh5 Rf1 45. Rxh4 Rb1 46. b3 Re1+ 47. Kd2 Ra1 48. a4 Ke5 49. Rh7 Ke4 50. c4 b6 51. Rb7 Kd4 52. Rd7+ Kc5 53. g5 Rg1 54. h4 Rg4 55. Re7 Kd6 56. Rb7 Kc5 57. Re7 Kd6 58. Rh7 Rg3 59. Rg7 Rh3 60. Rh7 Rg3 61. Rh6 Ke5 62. g6 Kd4 63. g7 Rg2+ 64. Ke1 e5 65. Kf1 Rxg7 66. Rxb6 a5 67. h5 Rg4 68. Kf2 Rh4 69. Rd6+ Ke4 70. h6 Kf4 71. Ke2 Rh2+ 72. Kd3 Rh3+ 73. Kc2 e4 74. c5 Ke5 75. Rg6 Kd4 76. c6 Rh2+ 77. Kd1 Rh1+ 78. Ke2 Rh2+ 79. Kf1 e3 80. Rd6+ Ke5 81. c7 Rh1+ 82. Ke2 Rh2+ 83. Kxe3 Rc2 84. h7 Kxd6 85. h8Q Rxc7 86. Qf6+ Kc5 1-0

[Event "Koszalin op"]
[Site "Koszalin"]
[Date "2008.06.09"]
[Round "3"]
[White "Kot, Jerzy"]
[Black "Kaczmarek, Maciej"]
[Result "1-0"]
[WhiteElo "2293"]
[BlackElo "2019"]
[PlyCount "103"]
[EventDate "2008.06.07"]
[EventType "swiss"]
[EventRounds "9"]
[EventCountry "POL"]
[SourceTitle "EXT 2009"]
[Source "ChessBase"]
[SourceDate "2008.11.26"]
[SourceVersion "1"]
[SourceVersionDate "2008.11.26"]
[SourceQuality "1"]

1. e4 e5 2. Nf3 Nc6 3. Bc4 Bc5 4. b4 Bxb4 5. c3 Be7 6. d4 d6 7. Qb3 Na5 8. Bxf7+ Kf8 9. Qa4 Kxf7 10. Qxa5 b6 11. Qa4 Bf6 12. 0-0 h6 13. Rd1 Bd7 14. Qa6 Qc8 15. Qd3 Be6 16. a4 Ne7 17. Nbd2 g5 18. Nc4 Ng6 19. a5 g4 20. Ne1 h5 21. Nc2 Kg7 22. Rf1 Qg8 23. d5 Bd7 24. Rb1 Kh7 25. f4 Qg7 26. f5 Ne7 27. Be3 Rhf8 28. Rb2 Ng8 29. Ra1 Bg5 30. Rba2 b5 31. N4a3 a6 32. Bf2 Rfb8 33. Nb4 Ne7 34. Rb1 Qf6 35. Qe2 Kh6 36. Rd1 Bh4 37. g3 Bg5 38. Rc2 c5 39. dxc6 Bxc6 40. Bb6 Rb7 41. c4 Rxb6 42. axb6 a5 43. Nxc6 Nxc6 44. Nxb5 d5 45. Rxd5 Rd8 46. c5 Nb4 47. Nc7 Nxc2 48. Qxc2 Qc6 49. Rxe5 Be3+ 50. Kf1 Rd6 51. Ke2 Bd4 52. Qd2+ 1-0

[Event "POL-chT U19 38th"]
[Site "Szklarska Poreba"]
[Date "2007.07.07"]
[Round "8"]
[White "Bobula, Mateusz"]
[Black "Kaczmarek, Maciej"]
[Result "1/2-1/2"]
[WhiteElo "2359"]
[BlackElo "2086"]
[PlyCount "61"]
[EventDate "2007.07.02"]
[EventType "team-tourn"]
[EventRounds "11"]
[EventCountry "POL"]
[SourceTitle "EXT 2010"]
[Source "ChessBase"]
[SourceDate "2010.11.25"]
[SourceVersion "1"]
[SourceVersionDate "2010.11.25"]
[SourceQuality "1"]
[WhiteTeam "Rybnik MKSz U19"]
[BlackTeam "Wroclaw MUKS MDK Srodmiescie U19"]
[WhiteTeamCountry "POL"]
[BlackTeamCountry "POL"]

1. d4 d5 2. c4 c6 3. e3 Nf6 4. Nf3 e6 5. Bd3 Nbd7 6. 0-0 Bd6 7. Nbd2 0-0 8. e4 dxe4 9. Nxe4 Nxe4 10. Bxe4 e5 11. dxe5 Nxe5 12. Nxe5 Bxe5 13. Bxh7+ Kxh7 14. Qh5+ Kg8 15. Qxe5 Re8 16. Qc3 Be6 17. Be3 Qh4 18. b3 Qh5 19. Rad1 Qg6 20. Bd4 Bf5 21. Rfe1 b6 22. Be5 f6 23. Bd6 Rxe1+ 24. Rxe1 Re8 25. Re3 Rxe3 26. Qxe3 Bh3 27. Kf1 Bxg2+ 28. Ke1 Qb1+ 29. Kd2 Qxa2+ 30. Kc3 Qa1+ 31. Kc2 1/2-1/2

[Event "POL-chT U19 38th"]
[Site "Szklarska Poreba"]
[Date "2007.07.03"]
[Round "2"]
[White "Scibior, Adam"]
[Black "Kaczmarek, Maciej"]
[Result "0-1"]
[WhiteElo "2045"]
[BlackElo "2086"]
[PlyCount "78"]
[EventDate "2007.07.02"]
[EventType "team-tourn"]
[EventRounds "11"]
[EventCountry "POL"]
[SourceTitle "EXT 2010"]
[Source "ChessBase"]
[SourceDate "2010.11.25"]
[SourceVersion "1"]
[SourceVersionDate "2010.11.25"]
[SourceQuality "1"]
[WhiteTeam "Poznan UMKS Na Pieterku U19"]
[BlackTeam "Wroclaw MUKS MDK Srodmiescie U19"]
[WhiteTeamCountry "POL"]
[BlackTeamCountry "POL"]

1. Nf3 d5 2. d4 Nf6 3. c4 c6 4. Nc3 e6 5. Bg5 dxc4 6. e4 b5 7. e5 h6 8. Bh4 g5 9. Nxg5 hxg5 10. Bxg5 Nbd7 11. exf6 Bb7 12. g3 Qb6 13. Bg2 0-0-0 14. 0-0 Bh6 15. Bxh6 Rxh6 16. Ne4 c5 17. Qc1 Rdh8 18. Qf4 Rxh2 19. Nd6+ Qxd6 20. Bxb7+ Kc7 21. Qxd6+ Kxd6 22. Rfd1 Nxf6 23. a4 Nd5 24. dxc5+ Kxc5 25. axb5 Rh1+ 26. Kg2 Rxd1 27. Rxd1 Rd8 28. Ra1 Kb6 29. Bxd5 exd5 30. Ra6+ Kxb5 31. Rxa7 d4 32. Kf1 Rc8 33. Rxf7 d3 34. Rd7 Ka4 35. f4 Kb3 36. f5 Kxb2 37. g4 Kc2 38. f6 d2 39. f7 Rf8 0-1